I can read about creatures of the night / (Record no. 9844)

MARC details
000 -LEADER
fixed length control field 01000nam a22003017a 4500
001 - CONTROL NUMBER
control field 9844
003 - CONTROL NUMBER IDENTIFIER
control field FISKH
005 - DATE AND TIME OF LATEST TRANSACTION
control field 20260304123828.0
008 - FIXED-LENGTH DATA ELEMENTS--GENERAL INFORMATION
fixed length control field 260304b cb ||||| |||| 00| 0 eng d
020 ## - INTERNATIONAL STANDARD BOOK NUMBER
International Standard Book Number 0893752029
040 ## - CATALOGING SOURCE
Original cataloging agency FISKH
Language of cataloging eng
Transcribing agency FISKH
Modifying agency FISKH
050 ## - LIBRARY OF CONGRESS CALL NUMBER
Classification number QL755.5 .C87
082 ## - DEWEY DECIMAL CLASSIFICATION NUMBER
Classification number 591.518
100 ## - MAIN ENTRY--PERSONAL NAME
Personal name Cutts, David
Relator term Author
245 ## - TITLE STATEMENT
Title I can read about creatures of the night /
Statement of responsibility, etc. Written by David Cutts ; illustrated by Jean Chandler
260 ## - PUBLICATION, DISTRIBUTION, ETC.
Place of publication, distribution, etc. New Jersey :
Name of publisher, distributor, etc. Troll Associates ,
Date of publication, distribution, etc. 1979
300 ## - PHYSICAL DESCRIPTION
Extent 44 unnumbered pages :
Other physical details color illustrations ;
Dimensions 14 x 22 cm
490 ## - SERIES STATEMENT
Series statement I can read about...
505 ## - FORMATTED CONTENTS NOTE
Formatted contents note P<br/>
520 ## - SUMMARY, ETC.
Summary, etc. Text and illustrations provide young readers with information about the lives and habits of creatures of the night.
521 8# - TARGET AUDIENCE NOTE
Target audience note 600<br/>
Source Lexile estimate<br/>
521 8# - TARGET AUDIENCE NOTE
Target audience note P<br/>
Source Raz-Plus<br/>
650 ## - SUBJECT ADDED ENTRY--TOPICAL TERM
Topical term or geographic name entry element Animal habits
Form subdivision Behavior
650 ## - SUBJECT ADDED ENTRY--TOPICAL TERM
Topical term or geographic name entry element Animals
Form subdivision General
700 ## - ADDED ENTRY--PERSONAL NAME
Personal name Chandler, Jean
Relator term Illustrator
942 ## - ADDED ENTRY ELEMENTS (KOHA)
Source of classification or shelving scheme Dewey Decimal Classification
Koha item type Books
Suppress in OPAC No
Holdings
Withdrawn status Lost status Source of classification or shelving scheme Damaged status Not for loan Collection Home library Current library Shelving location Date acquired Total Checkouts Full call number Barcode Date last seen Copy number Price effective from Koha item type
    Dewey Decimal Classification     Non-Fiction Footprints International School Library Network Toul Tom Poung Campus Footprints International School Library Network Toul Tom Poung Campus TTP Primary Yellow Bookshelves 03/04/2026   CUT 591.518 QL755.5 .C87 FIS02138 03/04/2026 1 03/04/2026 Books